03034nam a22002537a 4500003000900000005001700009008003800026020001500064040002200079082002600101100003200127245013300159250001200292260003600304300002600340500003800366500007300404505210200477534006702579650003402646650003302680700002202713700004502735DO-SdBNP20220906090339.0171115b 2001 mx|| |||| 00| 0 spa d a9701029062 aBPMSUbspacBPMSU a658.4bT468a 20012221 aThompson, Arthur A.d 1940-10aAdministración estratégica :bconceptos y casos /cArthur A. Thompson, A. J. Stricklan ; traducción Guadalupe Meza Staines a11a ed. aMéxico :bMcGraw-Hill ;c2001 axx, 1034 p. ;c27 cm. aIncluye biliografía e índice. aIncluye referencias bibliográficas y notas al pie de las páginas0 aPARTE UNO : LOS CONCEPTOS Y LAS TECNICAS DE LA ADMINISTRACION ESTRATEGICA 1 -- El proceso de la administración estratégica : una perspectiva general 2 -- Establecimiento de la dirección de la compañía; desarrollo de una visión estratégica, determinación de objetivos y creación de una estrategia 32 -- Análisis industrial y competitivo 74 -- Evaluación de los recursos y las capacidades competitivas de la compañía 116 -- Estrategia y ventaja competitiva 150 -- Estrategias para competir en mercados globalizados 200 -- Modelos y estrategias de negocios en la era de internet 226 -- Adecuación de la estrategia para adaptarla a la situación específica de cada industria y compañía 260 -- La estrategia y la ventaja competitiva en compañías diversificadas 292 -- Creación de las estrategias de las compañías diversificadas 330 -- Administración de la organización interna para promover una mejor ejecución de la estrategia 388 -- Cultura corporativa y liderazgo : claves de la ejecución eficaz de la estrategia 416 -- PARTE DOS: CASOS DE ADMINISTRACION ESTRATEGICA C-1 -- Guía del análisis de casos C-2 -- El maquillaje de Andrea Jung a Avon Products, Inc. C-17 -- El alimentador solar C-49 -- ZAP y la industria del vehículo eléctrico C-60 -- Dakota Growers Pasta C-80 -- Colorado Creative Music C-101 -- Azalea Seafood Gumbo Shoppe C-116 -- Competencia en la industria global del vino : perspectiva de Estados Unidos C-135 -- Krispy Kreme Doughnuts, Inc. C-156 -- Chicagotribune.com C-179 -- eBay en 2002 : los retos del crecimiento sostenido C-195 -- Fedex Corporation : transformación estructural a través del comercio electrónico C-230 -- La adquisición de Quaker Oats por PepsiCo C-248 -- Avid Technology, Inc. C-281 -- Moss Adams LLP C-294 -- Perdue Farms, Inc. : responde a los retos del siglo XXI C-307 -- Gordon Behtune y el retorno de Continental Airlines C-332 -- DoubleClick Inc. : colecta de inteligencia del cliente C-363 -- South African Breweries : logro del crecimiento en el mercado global de la cerveza C-376 aTítulo original:,tStrategic management: concepts and cases. 4aAdministración de empresas. 4aPlanificación empresarial.1 aStrickland, A. J.1 aSánchez Carrión, Miguel Angel, etr.